00397nam a2200157Ia 45000010006000000050017000060080041000230410008000640820015000721000033000872450061001202600009001813000033001906500008002236540008002311671420260306170331.0260306t1998||||xx |||||||||||||| ||und|| aESP a349.7bC79 aCordero Rodriguez, LuiseAUT 0aEl derecho de los obispos:bmanual canónico y pastoral c1998 axiv, 183 páginas :c27 cm. aGEN aCDE